[Event "IRT CXG Cidade Maravilhosa"]
[Site "Rio de Janeiro BRA"]
[Date "2010.04.10"]
[Round "1.1"]
[White "Fernandes, Silas Carvalho"]
[Black "Von Buelow, Georg"]
[Result "0-1"]
[WhiteElo "2014"]
[BlackElo "2397"]
[PlyCount "58"]
[EventDate "2010.04.10"]
[EventType "swiss"]
[EventRounds "7"]
[EventCountry "BRA"]
[Source "lmi"]
[SourceDate "2010.04.10"]

1. d4 Nf6 2. c4 g6 3. Nc3 d5 4. cxd5 Nxd5 5. e4 Nxc3 6. bxc3 Bg7 7. Be3 c5 8.
Qd2 Qa5 9. Nf3 Nc6 10. Rc1 cxd4 11. cxd4 Qxd2+ 12. Kxd2 O-O 13. Bb5 f5 14. d5
Na5 15. exf5 Rxf5 16. Ke2 Rxd5 17. Rc5 Rxc5 18. Bxc5 Be6 19. a3 a6 20. Bd3 Bd5
21. Rb1 Rc8 22. Bb4 Nc6 23. Bd2 e5 24. Bc2 e4 25. Ne1 Nd4+ 26. Kd1 Bc4 27. Rxb7
Be2+ 28. Kc1 Nxc2 29. Nxc2 Bd3 0-1

[Event "IRT CXG Cidade Maravilhosa"]
[Site "Rio de Janeiro BRA"]
[Date "2010.04.10"]
[Round "1.2"]
[White "Viana, Dirceu"]
[Black "Chaves, Jorge Antonio Torre"]
[Result "1/2-1/2"]
[WhiteElo "2261"]
[BlackElo "1991"]
[PlyCount "146"]
[EventDate "2010.04.10"]
[EventType "swiss"]
[EventRounds "7"]
[EventCountry "BRA"]
[Source "lmi"]
[SourceDate "2010.04.10"]

1. c4 Nf6 2. Nc3 e5 3. g3 Bc5 4. Bg2 O-O 5. e3 c6 6. Nge2 d6 7. O-O Be6 8. d4
Bb6 9. b3 Qc8 10. Ba3 Rd8 11. Qc2 exd4 12. Nxd4 Bxd4 13. exd4 Bh3 14. Rfe1 Bxg2
15. Kxg2 Qd7 16. Rad1 Na6 17. Bc1 h6 18. Qd3 Re8 19. d5 Nb4 20. Qf3 Rxe1 21.
Rxe1 Nc2 22. Rd1 Re8 23. dxc6 bxc6 24. Be3 Nxe3+ 25. fxe3 Re5 26. Rd4 Rh5 27.
g4 Rg5 28. h3 Re5 29. Ne4 Ne8 30. Ng3 Ra5 31. a4 Re5 32. Nf5 Kh7 33. Qf4 Qe6
34. Rd3 c5 35. Qf3 g6 36. Ng3 h5 37. gxh5 gxh5 38. Rd5 Ng7 39. Rxe5 Qxe5 40.
Qxf7 h4 41. Ne2 Qxe3 42. Qf3 Qg5+ 43. Qg4 Kh6 44. Kf3 Nf5 45. Qxg5+ Kxg5 46. a5
a6 47. Ke4 Ne7 48. Ng1 Kf6 49. Nf3 Ke6 50. Nxh4 Nc6 51. Nf3 Nxa5 52. Nd2 Nc6
53. h4 Ne7 54. h5 d5+ 55. cxd5+ Nxd5 56. h6 Nf6+ 57. Kd3 Kf7 58. Ne4 Ng4 59.
Ng5+ Kg6 60. h7 Kg7 61. Kc4 Ne5+ 62. Kxc5 Ng6 63. Kb6 Kh6 64. Kxa6 Kxg5 65. b4
Kf6 66. b5 Kg7 67. Kb7 Ne7 68. Kc7 Kxh7 69. Kd6 Nc8+ 70. Kc7 Ne7 71. Kd7 Nd5
72. Kc6 Ne7+ 73. Kd6 Nc8+ 1/2-1/2

[Event "IRT CXG Cidade Maravilhosa"]
[Site "Rio de Janeiro BRA"]
[Date "2010.04.10"]
[Round "1.3"]
[White "Siqueira, Allan de Sousa"]
[Black "Rego, Vinicius Vilela"]
[Result "0-1"]
[WhiteElo "1964"]
[BlackElo "2252"]
[PlyCount "60"]
[EventDate "2010.04.10"]
[EventType "swiss"]
[EventRounds "7"]
[EventCountry "BRA"]
[Source "lmi"]
[SourceDate "2010.04.10"]

1. d4 Nf6 2. c4 c5 3. e3 g6 4. Nf3 Bg7 5. Bd3 O-O 6. O-O d6 7. h3 Nc6 8. a3 Nd7
9. Be4 Qb6 10. Bxc6 bxc6 11. Nc3 Ba6 12. b3 d5 13. Na4 Qc7 14. Qc2 cxd4 15.
exd4 c5 16. Bb2 dxc4 17. bxc4 cxd4 18. Bxd4 Qxc4 19. Qxc4 Bxc4 20. Rfc1 Rfc8
21. Rab1 e5 22. Be3 Bd5 23. Ne1 Bf8 24. Nc2 Be4 25. Rb2 Rc4 26. Nb4 Rxc1+ 27.
Bxc1 a5 28. Nc3 Bf5 29. g4 axb4 30. axb4 Ra1 0-1

[Event "IRT CXG Cidade Maravilhosa"]
[Site "Rio de Janeiro BRA"]
[Date "2010.04.10"]
[Round "1.4"]
[White "Rios Filho, Hilton Carlos"]
[Black "Pereira, Marcos Luciano"]
[Result "1-0"]
[WhiteElo "2222"]
[BlackElo "1954"]
[PlyCount "58"]
[EventDate "2010.04.10"]
[EventType "swiss"]
[EventRounds "7"]
[EventCountry "BRA"]
[Source "lmi"]
[SourceDate "2010.04.10"]

1. d4 Nf6 2. c4 d6 3. Nc3 Bf5 4. f3 Nbd7 5. e4 Bg6 6. Be3 e5 7. d5 Be7 8. Bd3
O-O 9. Nge2 h6 10. Qd2 Ne8 11. O-O f5 12. f4 Bh7 13. fxe5 dxe5 14. exf5 Nd6 15.
g4 b6 16. b4 Nb7 17. a3 a5 18. Ne4 Nf6 19. h3 axb4 20. axb4 Nxe4 21. Bxe4 Qd6
22. Rab1 Ra4 23. c5 bxc5 24. bxc5 Qa6 25. Nc3 Nxc5 26. Bg2 Ra3 27. Nb5 Nb3 28.
Rxb3 Rxb3 29. Nxc7 Qa3 1-0

[Event "IRT CXG Cidade Maravilhosa"]
[Site "Rio de Janeiro BRA"]
[Date "2010.04.10"]
[Round "1.5"]
[White "Rabello, David Sousa"]
[Black "Costa, Carlos Evanir"]
[Result "0-1"]
[WhiteElo "1952"]
[BlackElo "2222"]
[PlyCount "86"]
[EventDate "2010.04.10"]
[EventType "swiss"]
[EventRounds "7"]
[EventCountry "BRA"]
[Source "lmi"]
[SourceDate "2010.04.10"]

1. e4 c5 2. Nf3 d6 3. d4 cxd4 4. Nxd4 Nf6 5. Nc3 a6 6. Bc4 e6 7. Bb3 Nbd7 8.
O-O Nc5 9. Re1 Be7 10. Bg5 h6 11. Bh4 Bd7 12. e5 dxe5 13. Rxe5 Nxb3 14. axb3
O-O 15. Qe2 Bd6 16. Re3 g5 17. Bg3 Bxg3 18. Rxg3 Qb6 19. Qe5 Nh7 20. Nf5 exf5
21. Nd5 f6 22. Nxb6 fxe5 23. Nxd7 Rfe8 24. Re3 Rac8 25. c3 e4 26. Rd1 Rc7 27.
Nb6 Nf6 28. h3 Kf7 29. Rd6 Re6 30. Rxe6 Kxe6 31. Re1 Rc6 32. Nc4 b5 33. Ne3 Rd6
34. Rd1 Rxd1+ 35. Nxd1 f4 36. c4 b4 37. Kf1 Nd7 38. g3 Ke5 39. h4 Nc5 40. hxg5
hxg5 41. gxf4+ gxf4 42. Ke2 Kd4 43. Kd2 Nxb3+ 0-1

[Event "IRT CXG Cidade Maravilhosa"]
[Site "Rio de Janeiro BRA"]
[Date "2010.04.10"]
[Round "1.6"]
[White "Bil, Angelo"]
[Black "Saraiva, Alexandre Pacheco"]
[Result "1/2-1/2"]
[WhiteElo "2151"]
[BlackElo "1951"]
[PlyCount "205"]
[EventDate "2010.04.10"]
[EventType "swiss"]
[EventRounds "7"]
[EventCountry "BRA"]
[Source "lmi"]
[SourceDate "2010.04.10"]

1. e4 c6 2. d4 d5 3. exd5 cxd5 4. c4 dxc4 5. Bxc4 Nf6 6. Nc3 e6 7. Nf3 Be7 8.
O-O O-O 9. Re1 Nbd7 10. Qe2 Nb6 11. Bd3 h6 12. Bd2 Bd7 13. Ne5 Rc8 14. Rad1 Bc6
15. Nxc6 Rxc6 16. Ne4 Nbd5 17. a3 a6 18. Qf3 Re8 19. Rc1 Rxc1 20. Bxc1 Qc7 21.
Qg3 Qxg3 22. Nxg3 Rd8 23. Rd1 g5 24. Ne2 Kg7 25. g3 Nh5 26. Be4 f5 27. Bg2 b5
28. Bd2 Nhf6 29. Rc1 Kf7 30. Ba5 Rd6 31. Kf1 Nd7 32. Ke1 N7b6 33. b3 Bf6 34.
Bxb6 Nxb6 35. Rc6 Ke7 36. Rxd6 Kxd6 37. Kd2 a5 38. Kd3 b4 39. a4 Be7 40. h3 Kd7
41. g4 Bd6 42. Ng1 Ke7 43. Bc6 Kf6 44. Nf3 Nd5 45. Bxd5 exd5 46. Ng1 Kg6 47.
Ke3 h5 48. Kf3 fxg4+ 49. hxg4 h4 50. Nh3 Be7 51. Ke3 Bf6 52. Ng1 Be7 53. Kf3
Bf6 54. Ne2 Be7 55. Kg2 Bd6 56. Nc1 Be7 57. Kh3 Bf6 58. Ne2 Be7 59. f4 Kh6 60.
f5 Kg7 61. Ng1 Bd6 62. Nf3 Bf4 63. Kg2 Kf6 64. Ng1 Bd6 65. Ne2 Bc7 66. Kf3 Bd6
67. Nc1 Bf4 68. Nd3 Bd2 69. Ne5 Bc3 70. Ke3 h3 71. Nf3 Bb2 72. Kf2 Bc1 73. Kg3
Be3 74. Kxh3 Bf2 75. Kg2 Be3 76. Kf1 Bf4 77. Ke2 Bg3 78. Kd3 Bf4 79. Ne1 Bg3
80. Ng2 Ke7 81. Ne3 Kd6 82. f6 Ke6 83. Nf5 Bf4 84. Ne7 Bd6 85. Nc8 Bf4 86. Nb6
Bd6 87. Nc8 Bf4 88. Ne7 Bd6 89. Nf5 Bf4 90. Ng7+ Kf7 91. Nh5 Bc7 92. Ke3 Bd8
93. Ng3 Kxf6 94. Nf5 Bc7 95. Kd3 Bf4 96. Ke2 Bh2 97. Ne3 Ke6 98. Nd1 Bf4 99.
Nb2 Bc7 100. Nd3 Bb6 101. Nc5+ Kd6 102. Nd3 Ke6 103. Nc5+ 1/2-1/2

[Event "IRT CXG Cidade Maravilhosa"]
[Site "Rio de Janeiro BRA"]
[Date "2010.04.10"]
[Round "1.7"]
[White "Carvalho, Romildo dos Santos"]
[Black "Maia, Marco Aurelio Ferre"]
[Result "1/2-1/2"]
[WhiteElo "1897"]
[BlackElo "2139"]
[PlyCount "99"]
[EventDate "2010.04.10"]
[EventType "swiss"]
[EventRounds "7"]
[EventCountry "BRA"]
[Source "lmi"]
[SourceDate "2010.04.10"]

1. d4 d5 2. c4 c6 3. Nf3 Nf6 4. Nc3 a6 5. Bf4 Nh5 6. Bg5 h6 7. Bh4 g5 8. Bg3
Nxg3 9. hxg3 Bg7 10. e3 e6 11. Bd3 Nd7 12. O-O dxc4 13. Bxc4 b5 14. Bb3 Bb7 15.
Ne4 Bf8 16. Rc1 Rc8 17. Nc5 Nxc5 18. dxc5 Qf6 19. Qd4 Qxd4 20. Nxd4 Bg7 21. Rc2
Ke7 22. Rd2 Rhd8 23. Rfd1 Be5 24. Nf3 Rxd2 25. Rxd2 Bc7 26. Kf1 Rd8 27. Ke2
Rxd2+ 28. Kxd2 e5 29. Bc2 a5 30. Bf5 b4 31. e4 Ba6 32. Ne1 Bf1 33. Bg4 Bb8 34.
Be2 Bxe2 35. Kxe2 h5 36. Nd3 Ke6 37. Kd2 f5 38. f3 Ba7 39. Kc2 Bb8 40. Kb3 g4
41. a3 bxa3 42. Kxa3 f4 43. fxg4 hxg4 44. Nf2 f3 45. gxf3 gxf3 46. b4 Ba7 47.
Kb3 axb4 48. Kxb4 Kf6 49. Kc4 Kg5 50. Kb4 1/2-1/2

[Event "IRT CXG Cidade Maravilhosa"]
[Site "Rio de Janeiro BRA"]
[Date "2010.04.10"]
[Round "1.8"]
[White "Rebello, Octacilio Freire V"]
[Black "Yunes, David Teles"]
[Result "1-0"]
[WhiteElo "2123"]
[BlackElo "1866"]
[PlyCount "86"]
[EventDate "2010.04.10"]
[EventType "swiss"]
[EventRounds "7"]
[EventCountry "BRA"]
[Source "lmi"]
[SourceDate "2010.04.10"]

1. e4 c5 2. Nf3 Nc6 3. Bb5 e6 4. O-O Nge7 5. Re1 g6 6. c3 Bg7 7. d3 O-O 8. Nbd2
a6 9. Ba4 Qc7 10. Qe2 d6 11. Bb3 Bd7 12. Nc4 Ne5 13. Ncxe5 dxe5 14. Bg5 Rfe8
15. Rad1 Rad8 16. h4 h6 17. Bc1 Kh7 18. h5 Bc8 19. Nh2 g5 20. Nf3 f6 21. g3 Nc6
22. Be3 Qe7 23. Nd2 f5 24. Nf1 Bf6 25. f3 b6 26. Bc2 f4 27. Bf2 Bb7 28. Nh2 Qf7
29. Ng4 Bg7 30. Kg2 Rd7 31. a3 Bf8 32. b4 cxb4 33. axb4 b5 34. d4 Bg7 35. d5
Ne7 36. dxe6 Qxe6 37. Bb3 Qc6 38. Rxd7 Qxd7 39. Rd1 Qc6 40. Qd3 Bc8 41. Qd6
Qxc3 42. Bf7 Bxg4 43. fxg4 f3+ 1-0

[Event "IRT CXG Cidade Maravilhosa"]
[Site "Rio de Janeiro BRA"]
[Date "2010.04.10"]
[Round "1.9"]
[White "Carvalho, Renato"]
[Black "Santos Filho, Tadeu Sousa"]
[Result "1/2-1/2"]
[WhiteElo "1861"]
[BlackElo "2088"]
[PlyCount "127"]
[EventDate "2010.04.10"]
[EventType "swiss"]
[EventRounds "7"]
[EventCountry "BRA"]
[Source "lmi"]
[SourceDate "2010.04.10"]

1. e4 c5 2. Nf3 d6 3. d4 cxd4 4. Nxd4 Nf6 5. Nc3 g6 6. Bg5 Bg7 7. Qd2 Nbd7 8.
O-O-O a6 9. f4 b5 10. Bd3 Bb7 11. a3 Rc8 12. Kb1 Nc5 13. Rhe1 Ng4 14. Nf3 Nxd3
15. cxd3 Qa5 16. d4 Rxc3 17. Qxc3 Qxc3 18. bxc3 Nf2 19. Nd2 Nxd1 20. Rxd1 h6
21. Bh4 g5 22. fxg5 hxg5 23. Bg3 f5 24. exf5 Bxg2 25. Re1 Kd7 26. Ne4 Bxe4+ 27.
Rxe4 Rf8 28. Re6 Rxf5 29. Rg6 Bf6 30. Rg8 a5 31. Ra8 a4 32. Kc2 Kc6 33. Rb8 Rf3
34. Rf8 Rf1 35. Rc8+ Kb7 36. Rf8 Rf5 37. Rf7 Kc6 38. Rf8 Kd5 39. Rc8 Ke4 40.
Re8 Kf3 41. Kd3 Rd5 42. Rf8 Rf5 43. Re8 Kg4 44. Rb8 Rf3+ 45. Kc2 Rf5 46. Kd3
Kf3 47. Re8 Kg2 48. Rf8 Rf3+ 49. Kc2 Kf1 50. Rb8 Rf5 51. Rf8 Ke2 52. Re8 Rd5
53. Rf8 Rf5 54. Re8 e5 55. Re6 Ke3 56. Rxd6 exd4 57. cxd4 Bxd4 58. Re6+ Kf3 59.
Re1 Bc5 60. Rf1+ Kg4 61. h3+ Kxg3 62. Rxf5 Be3 63. Rxb5 Kxh3 64. Ra5 1/2-1/2

[Event "IRT CXG Cidade Maravilhosa"]
[Site "Rio de Janeiro BRA"]
[Date "2010.04.17"]
[Round "2.1"]
[White "Von Buelow, Georg"]
[Black "Rebello, Octacilio Freire V"]
[Result "1-0"]
[WhiteElo "2397"]
[BlackElo "2123"]
[PlyCount "35"]
[EventDate "2010.04.10"]
[EventType "swiss"]
[EventRounds "7"]
[EventCountry "BRA"]
[Source "lmi"]
[SourceDate "2010.04.10"]

1. Nf3 d5 2. d4 c6 3. c4 Nf6 4. e3 g6 5. Nc3 Bg7 6. Bd3 O-O 7. O-O Bf5 8. Re1
Bxd3 9. Qxd3 Na6 10. a3 c5 11. cxd5 Nxd5 12. e4 cxd4 13. Nxd5 Nc5 14. Qc4 Rc8
15. Bg5 Nxe4 16. Nxe7+ Qxe7 17. Bxe7 Rxc4 18. Bxf8 1-0

[Event "IRT CXG Cidade Maravilhosa"]
[Site "Rio de Janeiro BRA"]
[Date "2010.04.17"]
[Round "2.3"]
[White "Costa, Carlos Evanir"]
[Black "Rios Filho, Hilton Carlos"]
[Result "0-1"]
[WhiteElo "2222"]
[BlackElo "2222"]
[PlyCount "42"]
[EventDate "2010.04.10"]
[EventType "swiss"]
[EventRounds "7"]
[EventCountry "BRA"]
[Source "lmi"]
[SourceDate "2010.04.10"]

1. c4 Nf6 2. Nf3 c6 3. Nc3 d5 4. d4 dxc4 5. a4 Bg4 6. Ne5 Bh5 7. g3 e6 8. Bg2
Bb4 9. O-O O-O 10. Nxc4 a5 11. Na2 Be7 12. Re1 Na6 13. Qd2 Nb4 14. Nc3 Bg6 15.
e4 c5 16. d5 exd5 17. exd5 Nc2 18. Rxe7 Qxe7 19. d6 Qe6 20. Nd5 Nxa1 21. Ncb6
Rad8 0-1

[Event "IRT CXG Cidade Maravilhosa"]
[Site "Rio de Janeiro BRA"]
[Date "2010.04.17"]
[Round "2.4"]
[White "Maia, Marco Aurelio Ferre"]
[Black "Rangel, Daniel"]
[Result "1/2-1/2"]
[WhiteElo "2139"]
[BlackElo "2056"]
[PlyCount "134"]
[EventDate "2010.04.10"]
[EventType "swiss"]
[EventRounds "7"]
[EventCountry "BRA"]
[Source "lmi"]
[SourceDate "2010.04.10"]

1. d4 f5 2. g3 Nf6 3. Bg2 g6 4. c4 Bg7 5. Nc3 O-O 6. Nf3 d6 7. O-O c6 8. d5 e5
9. dxe6 Bxe6 10. Qd3 Qe7 11. Ng5 Na6 12. b3 Nc5 13. Qc2 Nfe4 14. Ngxe4 Nxe4 15.
Bb2 Nxc3 16. Bxc3 Rad8 17. Rad1 Bxc3 18. Qxc3 Qf7 19. Qb4 Qe7 20. Rd2 Rd7 21.
Rfd1 Rfd8 22. a4 Kf7 23. Qc3 Qf6 24. Qe3 a5 25. f4 d5 26. cxd5 Bxd5 27. Bxd5+
cxd5 28. Qc5 Qe6 29. Kf2 b6 30. Qd4 Qf6 31. Rc1 Qxd4+ 32. Rxd4 Ke6 33. b4 Kd6
34. bxa5 bxa5 35. Rb1 Rc7 36. Rxd5+ Kxd5 37. Rd1+ Kc5 38. Rxd8 Kb4 39. Rd4+ Rc4
40. Rxc4+ Kxc4 41. e4 fxe4 42. Ke3 Kd5 43. g4 h6 44. h3 g5 45. f5 Ke5 46. Ke2
Kd5 47. Kf2 Kd6 48. Ke2 Kd5 49. Kd2 Kd6 50. Kc3 Kd5 51. Kd2 Kd6 52. Ke1 Kd5 53.
Kd1 Ke5 54. Ke1 Kd5 55. Kf2 Kd6 56. Kg3 Ke5 57. Kg2 Kd5 58. Kf2 Kd6 59. Ke2 Kd5
60. Kd2 Kd6 61. Ke3 Ke5 62. Ke2 Kd5 63. Kd2 Kd6 64. Kc3 Kd5 65. Kd2 Kd6 66. Kc2
Kd5 67. Kc3 Ke5 1/2-1/2

[Event "IRT CXG Cidade Maravilhosa"]
[Site "Rio de Janeiro BRA"]
[Date "2010.04.17"]
[Round "2.5"]
[White "Saraiva, Alexandre Pacheco"]
[Black "Viana, Dirceu"]
[Result "0-1"]
[WhiteElo "1951"]
[BlackElo "2261"]
[PlyCount "52"]
[EventDate "2010.04.10"]
[EventType "swiss"]
[EventRounds "7"]
[EventCountry "BRA"]
[Source "lmi"]
[SourceDate "2010.04.10"]

1. c4 e5 2. Nc3 Nf6 3. d3 Bb4 4. e4 O-O 5. Nf3 Re8 6. Be2 c6 7. O-O d5 8. cxd5
cxd5 9. Bg5 Bxc3 10. bxc3 dxe4 11. Bxf6 Qxf6 12. dxe4 Nd7 13. Qa4 Qe7 14. Rfe1
Nc5 15. Qc2 Bg4 16. h3 Bh5 17. g4 Bg6 18. Bf1 Rad8 19. Bb5 Rf8 20. a4 Qf6 21.
Nd2 Qf4 22. Ra2 h5 23. gxh5 Bxh5 24. Nf1 Rd6 25. Bc4 Bf3 26. Ng3 Rfd8 0-1

[Event "IRT CXG Cidade Maravilhosa"]
[Site "Rio de Janeiro BRA"]
[Date "2010.04.17"]
[Round "2.6"]
[White "Chaves, Jorge Antonio Torre"]
[Black "Bil, Angelo"]
[Result "1/2-1/2"]
[WhiteElo "1991"]
[BlackElo "2151"]
[PlyCount "22"]
[EventDate "2010.04.10"]
[EventType "swiss"]
[EventRounds "7"]
[EventCountry "BRA"]
[Source "lmi"]
[SourceDate "2010.04.10"]

1. d4 Nf6 2. Nf3 d5 3. Bf4 c5 4. c3 Nc6 5. e3 Qb6 6. Qc1 Qb3 7. Nbd2 c4 8. Bc7
e6 9. h3 Bd7 10. Bg3 e5 11. Bh2 Qd1+ 1/2-1/2

[Event "IRT CXG Cidade Maravilhosa"]
[Site "Rio de Janeiro BRA"]
[Date "2010.04.17"]
[Round "2.6"]
[White "Chaves, Jorge Antonio Torre"]
[Black "Bil, Angelo"]
[Result "1/2-1/2"]
[WhiteElo "1991"]
[BlackElo "2151"]
[PlyCount "68"]
[EventDate "2010.04.10"]
[EventType "swiss"]
[EventRounds "7"]
[EventCountry "BRA"]
[Source "lmi"]
[SourceDate "2010.04.10"]

1. d4 Nf6 2. Nf3 d5 3. Bf4 c5 4. c3 Nc6 5. e3 Qb6 6. Qc1 g6 7. Nbd2 Bg7 8. Bd3
O-O 9. dxc5 Qxc5 10. Bc7 e6 11. h3 Bd7 12. O-O Rac8 13. Bh2 Qe7 14. Ne5 Be8 15.
Qd1 Nd7 16. Nxd7 Bxd7 17. Qe2 e5 18. e4 d4 19. Rac1 dxc3 20. bxc3 Rfd8 21. Nc4
Qc5 22. Ne3 Ne7 23. Bb1 Bh6 24. Rfe1 b5 25. Qb2 Be6 26. Kh1 f6 27. Bg1 Qc6 28.
f3 a6 29. Kh2 Bf4+ 30. g3 Bh6 31. h4 Rd7 32. Re2 Rcd8 33. Rce1 Kf8 34. a3 Nc8
1/2-1/2

[Event "IRT CXG Cidade Maravilhosa"]
[Site "Rio de Janeiro BRA"]
[Date "2010.04.17"]
[Round "2.7"]
[White "Santos Filho, Tadeu Sousa"]
[Black "Carvalho, Romildo dos Santos"]
[Result "0-1"]
[WhiteElo "2088"]
[BlackElo "1897"]
[PlyCount "72"]
[EventDate "2010.04.10"]
[EventType "swiss"]
[EventRounds "7"]
[EventCountry "BRA"]
[Source "lmi"]
[SourceDate "2010.04.10"]

1. Nf3 d5 2. g3 Nf6 3. c4 e6 4. Bg2 Nbd7 5. O-O Be7 6. d4 c5 7. cxd5 exd5 8.
dxc5 Nxc5 9. b4 Nce4 10. Bb2 O-O 11. a3 Bd7 12. Nd4 Rc8 13. Qd3 Re8 14. Nd2 Bf8
15. Rac1 Qe7 16. N2b3 b6 17. Qa6 Rxc1 18. Rxc1 Nxf2 19. Kxf2 Qe3+ 20. Ke1 Qg1+
21. Bf1 Ne4 22. Nd2 Bh3 23. N4f3 Qf2+ 24. Kd1 Bxf1 25. Bd4 Bxe2+ 26. Qxe2 Nc3+
27. Rxc3 Qxe2+ 28. Kc2 h6 29. Rc7 Qa6 30. Kb2 Rc8 31. Rd7 Qa4 32. Rxd5 Qc2+ 33.
Ka1 Qd1+ 34. Ka2 Rc2+ 35. Bb2 Be7 36. Nd4 Rxd2 0-1

[Event "IRT CXG Cidade Maravilhosa"]
[Site "Rio de Janeiro BRA"]
[Date "2010.04.17"]
[Round "2.9"]
[White "Yunes, David Teles"]
[Black "Fernandes, Silas Carvalho"]
[Result "1/2-1/2"]
[WhiteElo "1866"]
[BlackElo "2014"]
[PlyCount "51"]
[EventDate "2010.04.10"]
[EventType "swiss"]
[EventRounds "7"]
[EventCountry "BRA"]
[Source "lmi"]
[SourceDate "2010.04.10"]

1. e4 c5 2. Nf3 d6 3. d4 cxd4 4. Nxd4 Nf6 5. Nc3 a6 6. Bc4 e6 7. Bb3 b5 8. Qf3
Qc7 9. O-O Be7 10. Qg3 Nc6 11. Nxc6 Qxc6 12. Re1 O-O 13. Bh6 Ne8 14. Rad1 Bb7
15. Be3 Bf6 16. Bd4 Rd8 17. Bd5 Qc7 18. Bxb7 Qxb7 19. a3 a5 20. e5 Be7 21. exd6
Bxd6 22. Be5 Bxe5 23. Qxe5 Rxd1 24. Rxd1 b4 25. axb4 Qxb4 26. Ne4 1/2-1/2

[Event "IRT CXG Cidade Maravilhosa"]
[Site "Rio de Janeiro BRA"]
[Date "2010.04.24"]
[Round "3.2"]
[White "Viana, Dirceu"]
[Black "Von Buelow, Georg"]
[Result "1/2-1/2"]
[WhiteElo "2261"]
[BlackElo "2397"]
[PlyCount "51"]
[EventDate "2010.04.10"]
[EventType "swiss"]
[EventRounds "7"]
[EventCountry "BRA"]
[Source "lmi"]
[SourceDate "2010.04.10"]

1. c4 Nf6 2. Nc3 c5 3. e4 Nc6 4. Nf3 e5 5. g3 d6 6. Bg2 Be7 7. Rb1 a6 8. a3 Rb8
9. b4 cxb4 10. axb4 b5 11. cxb5 axb5 12. d4 Bg4 13. d5 Nd4 14. h3 Qc8 15. hxg4
Qxc3+ 16. Bd2 Nc2+ 17. Kf1 Qd3+ 18. Kg1 O-O 19. g5 Nd7 20. Nh4 Nd4 21. Nf5 Nxf5
22. exf5 Rfc8 23. Rh4 Qc2 24. Be4 Qxd1+ 25. Rxd1 Bf8 26. Kg2 1/2-1/2

[Event "IRT CXG Cidade Maravilhosa"]
[Site "Rio de Janeiro BRA"]
[Date "2010.04.24"]
[Round "3.4"]
[White "Carvalho, Romildo dos Santos"]
[Black "Costa, Carlos Evanir"]
[Result "0-1"]
[WhiteElo "1897"]
[BlackElo "2222"]
[PlyCount "70"]
[EventDate "2010.04.10"]
[EventType "swiss"]
[EventRounds "7"]
[EventCountry "BRA"]
[Source "lmi"]
[SourceDate "2010.04.10"]

1. d4 Nf6 2. c4 g6 3. Nc3 Bg7 4. e4 d6 5. Nf3 O-O 6. Be2 e5 7. O-O Nc6 8. Bg5
h6 9. Bh4 g5 10. Bg3 g4 11. Nh4 exd4 12. Nb5 Nxe4 13. Bxg4 a6 14. Na3 f5 15.
Bf3 Qg5 16. Re1 Nxg3 17. hxg3 f4 18. Bd5+ Kh8 19. Qd3 Bf5 20. Nxf5 Qxf5 21.
Qxf5 Rxf5 22. g4 Rg5 23. f3 Nb4 24. Re7 d3 25. Rd1 Bxb2 26. Nb1 Nxd5 27. cxd5
Rxd5 28. Nd2 c5 29. Kh2 b5 30. Ne4 Rf8 31. Re6 Be5 32. Rxh6+ Kg7 33. Rh5 Rh8
34. Rh3 c4 35. Nf2 d2 0-1

[Event "IRT CXG Cidade Maravilhosa"]
[Site "Rio de Janeiro BRA"]
[Date "2010.04.24"]
[Round "3.5"]
[White "Rego, Vinicius Vilela"]
[Black "Chaves, Jorge Antonio Torre"]
[Result "1-0"]
[WhiteElo "2252"]
[BlackElo "1991"]
[PlyCount "157"]
[EventDate "2010.04.10"]
[EventType "swiss"]
[EventRounds "7"]
[EventCountry "BRA"]
[Source "lmi"]
[SourceDate "2010.04.10"]

1. Nf3 Nf6 2. c4 e6 3. d4 b6 4. g3 Bb7 5. Bg2 Be7 6. O-O O-O 7. Nc3 Ne4 8. Qc2
Nxc3 9. Qxc3 Be4 10. b3 Na6 11. Bb2 f5 12. Ne5 Bxg2 13. Kxg2 Bf6 14. Qe3 Nb4
15. Rad1 Bxe5 16. Qxe5 Nc6 17. Qf4 d5 18. Rc1 g5 19. Qf3 g4 20. Qf4 Rf7 21. f3
Rg7 22. cxd5 Qxd5 23. Kg1 gxf3 24. Qxf3 Nb4 25. a3 Qxf3 26. Rxf3 Nd5 27. Rc6
Re8 28. Bc1 Rg4 29. Bf4 h5 30. Kf2 Rg7 31. Be5 Rg4 32. b4 a6 33. Rb3 Kf7 34. a4
h4 35. b5 hxg3+ 36. hxg3 axb5 37. axb5 Re7 38. Ra3 Rg8 39. Ra1 Rc8 40. Rh1 Ke8
41. Bd6 Rf7 42. Rh6 Kd7 43. Be5 Re8 44. Kf3 Ree7 45. Rh8 Rh7 46. Rb8 Rh6 47.
Bf4 Rg6 48. Rh8 Rgg7 49. Rf8 Rg4 50. e4 Nxf4 51. gxf4 Reg7 52. exf5 Rg3+ 53.
Ke4 exf5+ 54. Rxf5 Rb3 55. Rd5+ Kc8 56. Re6 Rb1 57. Ke5 Rf7 58. Rf6 Re7+ 59.
Kf5 Re8 60. Rf7 Rc1 61. Kf6 Rc4 62. f5 Rd8 63. Ke6 Rxd4 64. Rxd4 Rxd4 65. Rf8+
Kb7 66. Rh8 Re4+ 67. Kd5 Rb4 68. f6 Rxb5+ 69. Ke6 Rb1 70. f7 Rf1 71. f8=Q Rxf8
72. Rxf8 Kc6 73. Rf5 b5 74. Rh5 b4 75. Rg5 Kb6 76. Ke5 Kb5 77. Kd4+ Ka4 78. Kc4
b3 79. Rg8 1-0

[Event "IRT CXG Cidade Maravilhosa"]
[Site "Rio de Janeiro BRA"]
[Date "2010.04.24"]
[Round "3.6"]
[White "Bil, Angelo"]
[Black "Rabello, David Sousa"]
[Result "1-0"]
[WhiteElo "2151"]
[BlackElo "1952"]
[PlyCount "43"]
[EventDate "2010.04.10"]
[EventType "swiss"]
[EventRounds "7"]
[EventCountry "BRA"]
[Source "lmi"]
[SourceDate "2010.04.10"]

1. e4 d6 2. d4 Nf6 3. Nc3 g6 4. f4 Bg7 5. Nf3 c5 6. Bb5+ Bd7 7. Bxd7+ Nbxd7 8.
e5 Ng4 9. e6 Ndf6 10. exf7+ Kxf7 11. h3 cxd4 12. Qxd4 e5 13. Ng5+ Ke7 14. Qb4
Nh6 15. fxe5 Nh5 16. Nd5+ Ke8 17. exd6 Qd7 18. O-O Be5 19. Nc7+ Kd8 20. Nge6+
Kc8 21. Bxh6 Bxd6 22. Qc3 1-0

[Event "IRT CXG Cidade Maravilhosa"]
[Site "Rio de Janeiro BRA"]
[Date "2010.04.24"]
[Round "3.7"]
[White "Rebello, Octacilio Freire V"]
[Black "Maia, Marco Aurelio Ferre"]
[Result "1-0"]
[WhiteElo "2123"]
[BlackElo "2139"]
[PlyCount "70"]
[EventDate "2010.04.10"]
[EventType "swiss"]
[EventRounds "7"]
[EventCountry "BRA"]
[Source "lmi"]
[SourceDate "2010.04.10"]

1. Nf3 d5 2. g3 Nf6 3. Bg2 Bf5 4. O-O c6 5. b3 h6 6. Bb2 e6 7. d3 Nbd7 8. Nbd2
Qc7 9. c4 Be7 10. Rc1 O-O 11. cxd5 exd5 12. Nd4 Bg6 13. N2f3 Ng4 14. h3 Ngf6
15. Nh4 Bh7 16. Ndf5 Bb4 17. a3 Bc5 18. Bxf6 gxf6 19. b4 Bb6 20. Bxd5 Qe5 21.
Be4 Kh8 22. e3 Rg8 23. Kh2 Qe6 24. Qh5 Ne5 25. Qxh6 Ng6 26. Rc4 Rad8 27. Qh5
Qe5 28. Qe2 Nxh4 29. Nxh4 f5 30. Qh5 Qf6 31. Bxf5 Rg7 32. Rg4 Rdg8 33. Bxh7 Rg5
34. Rxg5 Rxg5 35. Qf3 Qg7 1-0

[Event "IRT CXG Cidade Maravilhosa"]
[Site "Rio de Janeiro BRA"]
[Date "2010.04.24"]
[Round "3.9"]
[White "Fernandes, Silas Carvalho"]
[Black "Saraiva, Alexandre Pacheco"]
[Result "1-0"]
[WhiteElo "2014"]
[BlackElo "1951"]
[PlyCount "67"]
[EventDate "2010.04.10"]
[EventType "swiss"]
[EventRounds "7"]
[EventCountry "BRA"]
[Source "lmi"]
[SourceDate "2010.04.10"]

1. d4 Nf6 2. c4 e6 3. Nc3 Bb4 4. Qc2 h6 5. Nf3 d5 6. a3 Bxc3+ 7. Qxc3 dxc4 8.
Qxc4 O-O 9. e3 Nbd7 10. Bd3 c5 11. dxc5 Nxc5 12. Be2 b6 13. b4 Ba6 14. b5 Bb7
15. O-O Rc8 16. Bb2 a5 17. Rfd1 Qe7 18. Rac1 Nd5 19. Qd4 f6 20. Bc4 Rfd8 21.
Qh4 Kh7 22. Ba2 g5 23. Bb1+ Kg7 24. Nxg5 hxg5 25. Qxg5+ Kf8 26. Qh4 Qg7 27. e4
Kf7 28. exd5 Bxd5 29. Qg3 Qxg3 30. hxg3 Rh8 31. Bd4 Bb3 32. Re1 Na4 33. f3 Rb8
34. Be3 1-0